Szószék és scatatér politikusi naplók és visszaemlékezések 1848-1849

Bibliographic Details
Other Authors: Hermann, Róbert, 1963- (Editor)
Format: Book
Language:Hungarian
PhysicalDescription:570 strán fotografie, portréty 23 cm
Published: Budapest Balassi Kiadó 2000
ISBN:9635063652
Subjects:

MARC

LEADER 00000cam a2200000 a 4500
001 vtls001473953
003 SK-MaSNL
005 20260302073530.0
008 240226s2000 hu oc grn 001 0 hun
015 |a SNBZSA2005-00013 
020 |a 9635063652  |q (brožované) 
035 |a SNK000429255 
035 |a urn:nbn:sk:snk-am3j2zk 
035 |a 9DDABD50-6722-4B55-A625-9EAFD8CE6A0D 
035 |a urn:nbn:sk:snk-am00gm4a 
040 |a SNK  |b slo  |c SNK  |e AACR2 
041 0 |a hun 
043 |a e-hu--- 
044 |a hu  |c HU 
072 7 |a 94(439)  |x Dejiny Maďarska  |2 konspekt 
072 7 |a 323  |x Vnútropolitický vývoj, politický život  |2 konspekt 
080 |a 94(439.2)  |x "1848/1849"  |x (093)  |2 1981 
080 |a 316.423.3  |2 1981 
080 |a 172.15  |2 1981 
080 |a 821.511.141-5  |2 1981 
080 |a 323  |x (439.2)  |x "1848/1849"  |2 1981 
080 |a 821.511.141-94  |x (082)  |2 1981 
080 |a 328/329  |2 2011 
080 |a 94(439)  |2 2011 
080 |a 323.22/.28  |2 2011 
080 |a (048.8)  |2 2011 
080 |a (093.3)  |2 2011 
080 |a (0:82-94)  |2 2011 
080 |a 94(4)"1848/1849"  |2 2011 
245 0 0 |a Szószék és scatatér  |b politikusi naplók és visszaemlékezések 1848-1849  |c sajtó alá rendezte Hermann Róbert 
260 |a Budapest  |b Balassi Kiadó  |c 2000 
300 |a 570 strán  |b fotografie, portréty  |c 23 cm 
504 |a Obsahuje bibliografické odkazy ; register 
650 0 7 |a vnútropolitický vývoj  |2 SNKPH  |9 88635 
650 0 7 |a politika a vláda  |2 SNKPH  |9 3868 
650 0 7 |a revolúcia (1848-1849)  |2 SNKPH  |9 4759 
651 7 |a Maďarsko  |x dejiny  |2 SNKPHgeo  |9 18630 
655 7 |a štúdie  |2 SNKPH  |9 57033 
655 7 |a denníky  |2 SNKPH  |9 70534 
655 7 |a spomienky  |2 SNKPH  |9 29509 
700 1 |a Hermann, Róbert,  |d 1963-  |4 edt  |9 645891 
752 |a Maďarsko  |d Budapešť 
919 |a 963-506-365-2 
958 |a ZS 
958 |a NB 
958 |a HU 
958 |a OND 
999 |c 1161209  |d 1163139 
952 |t P60, <03>, [BOOK], {603}, -B-  |a SNK  |b SNK  |y PREZ  |7 0  |p 17A0438954  |o snkSC 116978  |i snkV 1133/2004  |8 2  |g 17.06  |0 0  |1 0  |4 0  |d 2004-04-28  |f 1  |l 0  |r 2025-10-16 00:00:00  |w 2026-02-24